| 000 | 00680ntaaa2200193 4500 | ||
|---|---|---|---|
| 003 | 01 | ||
| 005 | 20251027202138.0 | ||
| 008 | 0714s1973 ag 01 | ||
| 040 |
_aAR-BaBN _bspa _cAR-BaBN _eaacr _dRIC |
||
| 082 | _a262.0600 Se3 | ||
| 100 |
_aSeaver, Harold W _919915 |
||
| 245 | _aThe Southern Baptist Convention | ||
| 250 | _a1 ed. | ||
| 260 |
_aNashville : _bSouthern Baptist Convention, _c1964 |
||
| 300 | _a30 p, 132, 29, 32 p | ||
| 500 | _aManual de organización de las juntas, instituciones, y comisiones de la Convención Bautista del Sur, EE.UU. Incluye la historia, estatutos y obra de trabajo. | ||
| 650 |
_abautistas-Convención del Sur, EE.UU. _919916 |
||
| 942 | _cBK | ||
| 999 |
_c16360 _d16360 |
||